|
|
|
|
| LEADER |
00000nam1a2200000 4500 |
| 001 |
91595 |
| 005 |
20231031104141.0 |
| 035 |
|
|
|a (RuTPU)RU\TPU\book\98184
|
| 090 |
|
|
|a 91595
|
| 100 |
|
|
|a 20060227d1969 km y0rusy50 ca
|
| 101 |
0 |
|
|a rus
|
| 102 |
|
|
|a RU
|
| 200 |
1 |
|
|a Пьезоэлектрические материалы и преобразователи
|f Ростовский государственный университет
|
| 210 |
|
|
|a Ростов-на-Дону
|c Изд-во Ростовского ун-та
|d 1969-1989
|
| 712 |
0 |
2 |
|a Ростовский государственный университет
|2 stltpush
|3 (RuTPU)RU\TPU\col\3289
|
| 801 |
|
1 |
|a RU
|b 63413507
|c 20060227
|g PSBO
|
| 801 |
|
2 |
|a RU
|b 63413507
|c 20151218
|g PSBO
|
| 942 |
|
|
|c BK
|